000 004160000a22001690004500
003 MACL
005 20160108171324.0
008 160108b xxu||||| |||| 00| 0 eng d
040 _aMACL
_cMACL
041 _aEnglish
082 _a910
100 _aLeon, Pedro de Cieza de
_930083
245 _aThe War of Las Salinas
260 _bThe Hakluyt Society
_c1923
650 _aTravel
_930085
942 _cBK
_k910/LEO
_2ddc
999 _c37626
_d37626